banner-ar

قصة احمد باشا الجزار بين مصر والشام وحوادثه مع نابليون بونابرت / (Record no. 66945)

MARC details
000 -الفاتح
حقل البيانات ثابتة الطول 00996nam a22002417a 4500
005 - وقت وتاريخ اخر تعامل مع التسجيلة
رقم الضبط 20240530110948.0
008 - عناصر البيانات ثابتة الطول - معلومات عامة
حقل البيانات ثابتة الطول 160618s2008 ua o|||f |||| 00| 0 ara d
020 ## - الرقم الدولى المعيارى للكتب
الرقم الدولى المعيارى للكتاب 9772086980
040 ## - مصدر الفهرسة
وكالة الفهرسة الأصلية EG-CaGPL
082 04 - رقم تصنيف ديوى العشرى
رقم التصنيف 923.2 /
رقم المادة ا ق
رقم الطبعة 21
100 0# - المدخل الرئيسى - إسم شخصى
الإسم الشخصى احمد حيدر الشهابى
245 10 - بيان العنوان
العنوان قصة احمد باشا الجزار بين مصر والشام وحوادثه مع نابليون بونابرت /
بيان المسئوليه,etc تاليف احمد حيدر الشهابى ؛ محقق عبدالعزيز جمال الدين
250 ## - بيان الطبعة
بيان الطبعة ط .1
260 ## - PUBLICATION, DISTRIBUTION, ETC. (IMPRINT)
تاريخ النشر أو التوزيع 2008
300 ## - الوصف المادى
التعداد 317 ص. :
تفاصيل ماديه اخرى للوعاء صور
أبعاد الوعاء 24 سم.
490 ## - بيان السلسلة
عنوان السلسلة صحفات من تاريخ مصر
رقم المجلد/ التعيين التسلسلي ( 56 )
650 ## - المدخل الاضافى بالموضوع-مصطلح موضوعى
مصدر الرأس أو المصطلح السلطان عبدالحميد
651 04 - المدخل الاضافى بالموضوع - اسم جغرافى
الاسم الجغرافي مصر
التقسيم الفرعي العام تاريخ
التقسيم الفرعي الزمني الدولة العثمانية
651 04 - المدخل الاضافى بالموضوع - اسم جغرافى
الاسم الجغرافي مصر
التقسيم الفرعي العام تاريخ
700 ## - المدخل الاضافى - اسم شخصى
الإسم الشخصى عبدالعزيز جمال الدين
الدور محقق
942 ## - عناصر المدخل الإضافي( كوها)
مصدر التصنيف او مخطط الترفيف Dewey Decimal Classification
Koha [default] item type كتاب
260 ## - PUBLICATION, DISTRIBUTION, ETC. (IMPRINT)
-- القاهرة :
-- مكتبة مدبولى،
Holdings
حالة التراجع حالة الفقد حالة تلف ليس للاعارة المكان المؤقت الموقع الحالى موقع الترفيف تاريخ الاكتساب اجمالي اﻻعارات رقم الطلب الباركود تاريخ اخر مشاهدة تاريخ تفعيل السعر نوع وعاء كوها
        مكتبة القاهرة الكبرى مكتبة القاهرة الكبرى ق الرئيسية_التاريخ والجغرافيا_ك عربى 12/05/2022   923.2 / ا ق 168952 12/05/2022 12/05/2022 كتاب

Powered By

EGPV